| 000 | 00704nam a2200241Ia 4500 | ||
|---|---|---|---|
| 003 | OSt | ||
| 005 | 20220925215244.0 | ||
| 006 | a|||||r|||| 00| 0 | ||
| 007 | ta | ||
| 008 | 220923b |||||||| |||| 00| 0 eng d | ||
| 037 | _cGeneral Book | ||
| 040 |
_aRTL _cRTL _beng |
||
| 041 |
_2eng _aeng |
||
| 082 | _aXxL72, L9 | ||
| 100 |
_aHollander Samuel _9282435 |
||
| 245 | 0 | _aEconomics of David Ricardo | |
| 260 |
_aLondon _bHeinemann Educational _c1979 |
||
| 300 |
_axv,759p _ccm. |
||
| 490 | _aStudies in Classical, Political Economy,2 | ||
| 500 | _aBibliography: P 725-41; Appendix: P 693-724 | ||
| 942 |
_hXxL72, L9 _cGB _2CC |
||
| 999 |
_c568292 _d568292 |
||